Nazionali Finaliste degli Europei- Morte improvvisa - Statistics

Statistiche generali
  • Questo quiz è stato fatto 170 volte
    167 dall'ultimo reset
  • Il punteggio medio è 9 su 13
Answers on the Grid
Answers color-coded by a green-red scale on the quiz's grid according to % correct below.
Germania
Spagna
Italia
Francia
Cecoslovacchia
Paesi Bassi
Danimarca
Portogallo
Unione Sovietica
Grecia
Inghilterra
Jugoslavia
Belgio
Croazia
Svezia
Turchia
Romania
Svizzera
Ungheria
Polonia
Ucraina
Austria
Scozia
Irlanda
 
Statistiche sulle risposte
Risposta % Corretto
Italia
93%
Francia
88%
Germania
85%
Inghilterra
85%
Spagna
85%
Portogallo
83%
Paesi Bassi
71%
Grecia
70%
Danimarca
66%
Unione Sovietica
64%
Cecoslovacchia
63%
Jugoslavia
59%
Belgio
36%
Nessun quiz corrispondente trovato
Distribuzione punteggi
Percentuale di utenti per punteggio
Percentile per numero di risposta
I tuoi punteggi nel tempo
Non hai fatto questo quiz dall'ultimo reset